00499nam a2200193 a 4500001001300000003000900013005001700022008004100039020001000080082001300090100002000103245005900123260002600182300000800208500003500216505001000251650002400261700002000285nice12345678IN_TiNIC20260116011323.0050524s1933 wasa grp 000 0 eng  ac10000a201bSCH aSchaff, David S aCardinal Bellarmine-Now Saint and Doctor of the Church aWashingtonbD Cc1933 a17p aincludes index and biblioraphy2 aindex aChristian-Biography1 aSchaff, David S